| 000 | 00378nam a2200157Ia 4500 | ||
|---|---|---|---|
| 008 | 230312s9999||||xx |||||||||||||| ||und|| | ||
| 020 | _a81-8147-207-1 | ||
| 082 |
_a621.3827 _bRAM-O |
||
| 100 | _aRamaswami;Rajiv | ||
| 245 | 0 | _aOptical Networks | |
| 260 |
_bElesevier _aIndia _c2004 |
||
| 300 | _a831 | ||
| 546 | _aEng. | ||
| 650 |
_aEngineering _vOptical Networks |
||
| 942 | _cBK | ||
| 999 |
_c7215 _d7215 |
||